Histoire de la philosophie. Tome premier : L`Antiquité et le moyen age. III : Moyen age et renaissance

Gespeichert in:
Bibliographische Detailangaben
1. Verfasser: Bréhier, Émile
Format: Buch
Sprache:French
Veröffentlicht: París, Francia Librairie Félix Alcan 1932
Ausgabe:9
Schlagworte:
Tags: Tag hinzufügen
Keine Tags, Fügen Sie den ersten Tag hinzu!

MARC

LEADER 00000nam a2200000Ia 4500
008 170316s9999 xx 000 0 fre d
040 |a cru BVZT 
090 |a H-100 B-3hi v.3 
100 |a Bréhier, Émile 
245 |a Histoire de la philosophie. Tome premier : L`Antiquité et le moyen age. III : Moyen age et renaissance  |c Émile Bréhier 
250 |a 9 
260 |a París, Francia 
260 |b Librairie Félix Alcan 
260 |c 1932 
300 |a 791 páginas 
650 |a FILOSOFÍA  |9 5 
650 |a HISTORIA  |9 90 
650 |a EN IDIOMA FRANCÉS 
999 |c 28872  |d 28872 
942 |c LIB  |h H-100 B-3hi v.3  |2 z